000 00470nam a2200169Ia 4500
008 230917s9999||||xx |||||||||||||| ||und||
020 _cPOU10
040 _e3900
_aMAIN
041 _aEnglish
082 _a320.947 S16O
100 _aSchapiro, Leonard
245 0 _aOrigin of the communist autocracy: Political oppsition in the Soviet state first phase 1917-1922
250 _a2nd ed.
260 _aLondon
_bMacmillan
_c1977
300 _axxi, 397 p.
942 _cBK
999 _c182087
_d182087